[Event "EU-ch (Women) 11th"]
[Site "Rijeka"]
[Date "2010.03.15"]
[Round "9"]
[White "Khurtsidze, Nino"]
[Black "Cramling, Pia"]
[Result "0-1"]
[WhiteElo "2434"]
[BlackElo "2523"]
[Annotator "Cramling,P"]
[PlyCount "64"]
[EventDate "2010.03.06"]
[EventType "swiss"]
[EventRounds "11"]
[EventCountry "CRO"]
[SourceTitle "CBM 135 Extra"]
[Source "ChessBase"]
[SourceDate "2010.05.04"]
[SourceVersion "1"]
[SourceVersionDate "2010.05.04"]
[SourceQuality "1"]

1. d4 d5 2. c4 c6 3. e3 Bf5 4. cxd5 {Again a Slav, like last time, when we
played in the European Club Cup in Greece 2009. But now Nino varies from that
game with 4.cxd5.} cxd5 5. Qb3 Qc7 6. Nc3 e6 7. Nf3 Nc6 8. Bd2 Nf6 9. Ne5 {
This is another plan than Antoaneta Stefanova played against me in the Women's
World Championship in Nalchik 2008. Antoaneta preferred instead (after another
order of moves)} (9. Rc1 Nd7 10. Nh4 Bg6 11. Nxg6 hxg6 12. e4 Nxd4 13. Qa4 Nc6
{I went on to win that game and by drawing the next day I could qualify for
the semi-final. So I have some very nice memories behind the black pieces with
this line.}) 9... Nd7 {I had to be careful.} (9... Be7 {was also a normal move,
but not}) (9... Nxe5 $6 10. dxe5 {and Black is getting into troubles.} Nd7 (
10... Qxe5 11. Qxb7 $16 Qb8 12. Qc6+ Nd7 (12... Ke7 13. Ba6) 13. Nb5 $18) 11.
Rc1 {With a very pleasant initiative for White. With the king in the centre
Black has problem to defend against an attack along the open c-file and along
the white diagonal a4-e8. The bishop on f5 is active, but cut off from the
defence on the queenside. For example:} Qxe5 ({worse is} 11... Qb6 $2 12. Bb5
Be7 13. e4 $1 dxe4 14. Be3 Qd8 15. Rd1 $18) 12. Qxb7 Rb8 13. Qxa7 Bc5 14. Qa4 {
with advantage for White.}) 10. Nxd7 Qxd7 11. Na4 {White has a concrete plan
putting pressure on the queenside, which now is easier when the c5-square is
less protected after the exchange of knights. Nino also had played quickly all
the moves in the opening.} Bd6 $1 {My last move is important as the bishop is
much better on d6 than on e7. After Na4 White has less pressure against the
pawn d5 and so Black has some ideas to play e5 at the right moment. Now e7
will be a good square for the queen, from where it defends the b7-pawn, but
also can switch to the kingside.} 12. Rc1 Rb8 13. Nc5 Qe7 ({Giving up the
bishop pair with} 13... Bxc5 $6 14. Rxc5 {would have been dubious, as White
gets very easy play on the queenside and at the same time it is difficult to
see any serous counterplay for Black..}) 14. Bb5 O-O 15. O-O Rfc8 16. Qa4 {
A natural move to put more pressure along the c-file. Black's bishop on f5 is
doing a good job keeping an eye on c2 and preventing White from doubling her
rooks on the c-file which would be quite annoying for me. If White intends to
do the same with} (16. Rc3 {Black is fine after} Na5 $1 17. Qa4 Nc4) 16... e5
$1 {I felt it was important to act, otherwise White improves her position with
b2-b4 and then Nxb7 is a real threat winning a pawn.} 17. Nxb7 {White did not
want to wait any longer as I have some plans like taking on d4 followed by Qh4
or taking twice on d4 and then Nc5 is hanging with a level position.} Qxb7 18.
Bxc6 ({Not} 18. Rxc6 $4 Qxb5 {and the rook on c8 is defended by the bishop.})
18... Qxb2 19. dxe5 $1 {After a long thought and during the game I thought
this move was the best. I was hoping for} (19. Bc3 $2 {as I had seen that she
gets in problems after} Qa3 $1 {Then White probably has nothing better than to
return with her bishop, for example} 20. Bd2 (20. dxe5 $2 Qxa4 21. Bxa4 Ba3 {
loses.}) ({and} 20. Ba1 $6 Bd3 {leaves White with a difficult position} 21.
Rfd1 (21. dxe5 Bxf1 22. Rxf1 Qd3 $1 {a strong and decisive move} 23. g3 (23.
Qd4 Qxd4 24. Bxd4 Rxc6 25. exd6 Rb7 26. Be5 f6 27. Bg3 Kf7 28. h4 Rcb6 $19 {
exchanges the rooks and wins.}) (23. exd6 Rb1 $19) 23... Bf8 $19 {with Rb4 or
Rb1 coming next.}) 21... Bb5 $1 {and again Black can decide the game.}) 20...
Bd3 21. Rfd1 (21. dxe5 Bxf1 22. exd6 Qxa4 23. Bxa4 Rxc1 24. Bxc1 Bb5 25. Bb3
Bc4 {with an winning endgame.}) 21... e4 {with very active pieces giving Black
a nice advantage.}) (19. Rfd1 {was an alternative but less attractive than the
more active play White has chosen in the game. After} exd4 20. exd4 (20. Bxd5
$2 {is a mistake} Bc2 21. Qd7 Rd8 $1 22. Qxf7+ Kh8 {and Black wins material:}
23. Bf3 (23. Re1 $2 Bg6 $1 24. Qf3 Qxd2 $19) (23. Bb3 Bxd1 24. Rxd1 Rxb3 $1 25.
Qxb3 (25. axb3 Qc2 26. Qf3 dxe3 27. fxe3 (27. Bxe3 Qxd1+ 28. Qxd1 Bxh2+ $19)
27... Bb4) 25... Qxb3 26. axb3 dxe3 {winning}) 23... Bxd1 24. Rxd1 Bc5 {
with a big advantage}) 20... Qa3 {Black can try to take the initiative with
the following plan:} 21. Be3 h6 22. h3 Be4 {and next move is Rb2.}) 19... Qxe5
20. f4 Qe4 $1 {I was happy with this move. I had seen that going back with} (
20... Qb2 $2 {would have been a mistake. After} 21. Bc3 Qa3 {the queen now can
go to the long diagonal and White gets a huge advantage as the d5-pawn will
fall} 22. Qd4 $1 Bf8 23. Bxd5) 21. Qxa7 $2 {That surprised me as it looked too
dangerous. But my opponent had overlooked, that she can not exchange queens
some moves later.} (21. Qa5 $1 {was what I expected her to play} Be6 22. f5 {
I was planning to answer} Qe5 {with a complicated position.} ({During the game
I did not like} 22... Bc7 $2 {as} 23. Qa4 $1 Bxf5 24. Qxe4 Bxe4 25. Bd7 {
is good for White}) ({nor} 22... Bxf5 {or} 23. Bxd5 Qd3 {because of} 24. Bxf7+
Kxf7 25. Rxf5+ {and to keep compensation for the pawn I can not allow her to
exchange queens, so Black has to play} Ke6 {which looks scary but seems to
keep the balance. Worse is} (25... Kg8 26. Rxc8+ Rxc8 27. Qd5+ Qxd5 28. Rxd5 {
and White keeps control in the endgame I can use her extra pawn.})) 23. fxe6 ({
or} 23. g3 Bxf5 24. Qxd5 Be6) 23... Qxh2+ 24. Kf2 {and here Black has some
alternatives to chose from for example} fxe6 (24... Qg3+ {is less dangerous
for White} 25. Kg1 {with a repetition of moves} ({or} 25. Ke2 Qxg2+ 26. Rf2
Qg4+ 27. Kf1 fxe6 {and Black has compensation for the piece.})) 25. Qa6 ({
perhaps White has to give back the piece with} 25. Bxd5 exd5 26. Qxd5+ Kh8 27.
Rxc8+ Rxc8 {although black is fine}) 25... Rf8+ 26. Ke1 Qh5 $1 {and White
remains under attack.}) (21. Qxe4 $2 Bxe4 {was also bad and leaves Black with
very active pieces and a big advantage in the endgame.}) 21... Rb2 22. Rf2 Qd3
({There was another good continuation with} 22... Bb4 $1 23. Bxb4 Qxb4 {
and the pin gives Black a clear advantage. For example:} 24. Qc5 Qxc5 25. Rxc5
Rb1+ 26. Rf1 Rxf1+ 27. Kxf1 Bd7) 23. Qd4 $2 {A very natural centralising move,
intending to exchange queens so her extra pawn can tell in the endgame. But it
is a big mistake and White's position collapses.} ({Instead she had to defend
the bishop another way:} 23. Qa5 $1 Be4 {and after} 24. h3 h6 {Black has more
than enough compensation for the pawn. White's pieces are not coordinated. For
example:} 25. a4 ({if} 25. Qc3 Qxc3 26. Rxc3 Bb4 {wins}) ({and} 25. Kh2 Bc7 $1
$19 {is equally good for Black.}) 25... Ba3 $1 26. Rc3 (26. Rd1 Bb4 27. Qb5 Qb3
) 26... Bb4 $1 27. Rxd3 Bxa5 28. Bxa5 Rxf2 29. Kxf2 Bxd3 30. Bd7 (30. Bxd5 Rc5
$19) 30... Rc2+ {winning.}) (23. Bd7 $2 {does not work} Rxc1+ 24. Bxc1 Rxf2 25.
Kxf2 Qc2+ 26. Kg3 Be4 $1 {and the double threat decides the game.}) 23... Qxd4
24. exd4 Rxd2 $1 25. Rxd2 Bxf4 {Now it is over. White can not avoid losing
material.} 26. Rf2 Bxc1 27. Rxf5 Rxc6 28. Rxd5 Kf8 29. Kf1 Rc2 30. Ra5 Be3 31.
d5 Ke7 32. Ra4 Kd6 0-1

[Event "EU-chT (Men) 15th"]
[Site "Gothenburg"]
[Date "2005.08.01"]
[Round "3.2"]
[White "Dautov, Rustem"]
[Black "Hector, Jonny"]
[Result "1-0"]
[WhiteElo "2595"]
[BlackElo "2534"]
[Annotator "Dautov,R"]
[PlyCount "87"]
[EventDate "2005.07.30"]
[EventType "team-swiss"]
[EventRounds "9"]
[EventCountry "SWE"]
[SourceTitle "CBM 109"]
[Source "ChessBase"]
[SourceDate "2005.11.14"]
[SourceVersion "1"]
[SourceVersionDate "2005.11.14"]
[SourceQuality "1"]
[WhiteTeam "Germany"]
[BlackTeam "Sweden"]
[WhiteTeamCountry "GER"]
[BlackTeamCountry "SWE"]

1. d4 d5 2. c4 c6 3. Nf3 Nf6 4. e3 Bf5 5. Nc3 e6 6. Nh4 Be4 7. f3 Bg6 8. Qb3
Qb6 9. Nxg6 hxg6 10. Bd2 Bd6 {Üblich ist hier 10...Nbd7. Der Textzug stellt
die Drohungen 11...Bg3+ und 11...Bxh2 auf, aber die Stellung des Läufers auf
d6 ist nicht ohne Nachteile.} (10... Nbd7 11. O-O-O Bd6 {ist die Hauptvariante.
}) 11. f4 $1 {Die beste Reaktion.} (11. O-O-O Qxb3 $5 (11... Nbd7) 12. axb3
Bxh2 (12... Rxh2 13. Rxh2 Bxh2 $13) 13. g4 Na6 $13) 11... Nbd7 {Ignoriert die
weiße Drohung.} (11... Qxb3 12. axb3 Bb4 13. Bd3 Nbd7 14. Ke2 Be7 15. Kf3 a6
16. h4 Rd8 17. Rad1 Ng8 18. g4 f5 19. g5 $14 {Campos Moreno,J-Perez,L /
Banyoles 2002}) 12. c5 $1 Qxb3 13. axb3 Be7 $6 {Wenn Schwarz b4-b5 nicht
zulassen und 14.b4 mit 14...b5 beantworten will, sollte er hier zu 13... Bc7
greifen.} (13... Bc7 $5 14. b4 b5 15. Bd3 ({Hier ist das Figurenopfer nicht
klar:} 15. Nxb5 cxb5 16. Bxb5 {, z.B.} g5 17. Bc6 O-O-O 18. Rxa7 gxf4 19. exf4
Ne4 20. b5 Nxd2 21. Kxd2 Bxf4+ 22. Kd3 Bb8 23. Ra8 e5 $13) 15... Kd8 $1 (15...
O-O $2 16. Ke2 a6 17. Ra3 Nb8 18. Rha1 Rc8 19. h3 Ra7 20. g4 $16 {Istratescu,A
- Baekelant,R /Avoine 2004}) 16. Ra6 (16. Ke2 Kc8 17. Kf3 Kb7 18. Ne2 Ng8 19.
Nc1 Ne7) 16... Nb8 17. Ra2 Kc8 18. O-O Kb7 19. Rfa1 $14) 14. b4 b5 $2 {Dies
wird auf taktische Weise widerlegt.} (14... Ng4 $1 15. h3 $1 (15. Be2 $2 Bh4+
16. Kf1 Ndf6 17. Bxg4 (17. h3 Nf2 18. Rg1 N2e4 $11) 17... Nxg4 18. b5 Kd7 $11)
15... Bh4+ 16. Ke2 Nh6 17. Kf3 $14) 15. Nxb5 $1 {Ein Figurenopfer von
durchschlagender Kraft. Weiß gewinnt bald sein Material mit Zinsen zurück.}
cxb5 16. Bxb5 $16 Ne4 (16... O-O 17. Bc6 Rac8 18. Bxd7 Nxd7 19. Rxa7 Rfd8 20.
Ke2 $16) 17. Bc6 Rc8 (17... O-O-O $2 18. Rxa7 $18) 18. b5 Nexc5 $2 {Das
Gegenopfer verliert schnell. Am zähesten war 18...Rc7.} (18... Rc7 19. Ba5 Rc8
20. Bb7 Rxc5 (20... Rb8 21. c6 Rxb7 22. cxb7 Nd6 23. Ke2 Nxb7 24. Bc7 $16) 21.
dxc5 Nexc5 22. Bc7 $1 (22. Bc3 $2 Nxb7 23. Rxa7 Nd6 $17) 22... Nxb7 23. Rxa7
Nd8 24. b6 O-O 25. Ke2 Bc5 (25... Nc6 26. Raa1 Rc8 27. Rhc1 $16) 26. Bd6 $1
Bxd6 27. Rxd7 Bb8 28. Rc1 $16) 19. Rxa7 Kf8 20. dxc5 Nxc5 21. Rxe7 $1 $18 Kxe7
22. Bb4 Kd6 23. O-O Rxc6 24. bxc6 Rc8 25. Ba3 $1 {Weiß gewinnt eine Figur. Den
Rest könnte sich Schwarz sparen.} Rxc6 26. b4 Nd3 27. b5+ Rc5 28. Rd1 Kd7 29.
Rxd3 Rxb5 30. Bf8 f6 31. Ra3 Rb7 32. Bxg7 Ke7 33. Ra8 Kf7 34. Bf8 e5 35. fxe5
fxe5 36. Bc5 Rb5 37. Ba3 Rb1+ 38. Kf2 Ra1 39. Ra7+ Ke6 40. g4 g5 41. Bc5 Rc1
42. Ra6+ Kf7 43. Ra7+ Ke6 44. Be7 1-0

[Event "HUN-GER m"]
[Site "Budapest"]
[Date "2004.09.21"]
[Round "6"]
[White "Dautov, Rustem"]
[Black "Varga, Zoltan"]
[Result "1/2-1/2"]
[WhiteElo "2624"]
[BlackElo "2592"]
[Annotator "Dautov,R"]
[PlyCount "79"]
[EventDate "2004.09.16"]
[EventType "team"]
[EventRounds "6"]
[EventCountry "HUN"]
[SourceTitle "CBM 104"]
[Source "ChessBase"]
[SourceDate "2005.01.27"]
[SourceVersion "1"]
[SourceVersionDate "2005.01.27"]
[SourceQuality "1"]
[WhiteTeam "Germany"]
[BlackTeam "Hungary"]
[WhiteTeamCountry "GER"]
[BlackTeamCountry "HUN"]

1. d4 d5 2. c4 dxc4 3. Nf3 c6 4. e3 Be6 {Vargas Lieblingsvariante.} 5. Qc2 Nf6
{Danach erlangt Weiß einen kleinen, aber langfristigen Vorteil. Das
prinzipielle 5...b5 führt zu einem zweischneidigen Spiel.} (5... b5 6. a4 Nf6
7. Nc3 b4 $6 8. Nb1 b3 9. Qd1 Na6 10. Na3 Nb4 11. Bd2 Nd3+ 12. Bxd3 cxd3 13.
O-O Bd5 14. Ne5 e6 15. Nxd3 Be7 16. f3 O-O 17. Re1 $1 Qb6 18. e4 Bc4 19. Nc5 $1
$16 {Chuchelov,V-Khenkin,I/Hockhenheim 1998}) 6. Bxc4 Bxc4 7. Qxc4 e6 ({
Interessant ist} 7... Qa5+ 8. Bd2 (8. Nc3 Qa6 9. Qxa6 Nxa6 10. O-O e6 $11) 8...
Qa6 9. Na3 e6 10. Qxa6 Nxa6 {, und Schwarz hat im Endspiel nichts zu
befürchten.} 11. Nc4 Rc8 12. Ke2 Ne4 13. Rhc1 Be7 14. Na5 Rc7 15. a3 f6 16. Be1
h5 17. b4 g5 $11 {Hoi,C-Hansen,L/Denmark 1999}) 8. O-O Nbd7 9. Nc3 Be7 10. e4
O-O 11. Rd1 (11. Bf4 Rc8 12. Qe2 a6 13. Rfd1 Re8 14. Ne5 b5 15. Rd3 Qb6 16.
Rad1 Red8 17. g4 $6 Nxe5 18. Bxe5 Nd7 19. Bf4 Bf8 20. e5 c5 21. d5 c4 $15 {
Horvath,P-Teske,H/Feffernitz 2001}) 11... Rc8 12. Bf4 (12. Bg5 $5 h6 13. Bh4
Nh5 14. Bxe7 Qxe7 15. e5 Nf4 16. Ne4 $14) 12... Qa5 13. a3 h6 14. h3 Rfd8 15.
Qe2 {Weiß hat mehr Raum, die Überlegenheit im Zentrum und steht somit ohne
Zweifel besser, aber was tut man als Nächstes? In der Partie habe ich einige
logische Züge gespielt, ohne einen konkreten Plan zu verfolgen. Im Nachhinein
gefällt mir das Spiel auf dem Damenflügel beginnend mit 15.b4! besser.} (15. b4
$1 Qh5 16. Rab1 Qg6 17. Qe2 a6 18. Re1 $1 {/\Na4-c5} Nh5 (18... Nb6 19. Ne5 $14
) 19. Bh2 Nhf6 20. Na4 b6 21. Nc3 c5 (21... a5 22. bxa5 bxa5 23. Qa2 $14) (
21... b5 22. Qe3 Ra8 23. Nd2 Ne8 24. Nb3 Nb6 25. Na5 $14) 22. bxc5 bxc5 23. d5
$14) 15... Qh5 16. Rac1 a6 17. Qe3 Nh7 {Der Abtausch des Be7 wird die
schwarzen Felder empfindlich schwächen, deswegen sollte Schwarz lieber bei der
Abwartetaktik bleiben (17..Qg6).} (17... Qg6 $14) 18. Bh2 Bg5 19. Nxg5 Qxg5 20.
Qxg5 {Ich hatte nichts gegen das entstehende vorteilhafte Endspiel, aber
geschickter wäre es, den Damenabtausch nach 20.Bf4 Qg6 21.Qg3 herbeizuführen.}
(20. Bf4 $1 Qg6 (20... Qe7 21. Qg3 $14) 21. Qg3 Qxg3 22. Bxg3 $14) 20... hxg5
$1 {Dieser starke Bauer wird jede weiße Aktivität auf dem Königsflügel
erschweren.} 21. Bd6 $1 (21. Na4 f5 $1 22. f3 Nhf6 $132) 21... f6 22. f3 {
Es ist meistens ratsam, im Endspiel den eigenen König zu zentralisieren, aber
in dieser Stellung könnte Weiß mehr erreichen, indem er seinen Plan mit Na4
und b4 sofort ausführte.} (22. Na4 $1 Nhf8 (22... Kf7 23. b4 f5 $6 24. exf5
exf5 25. d5 $1 cxd5 26. Bc7 Re8 27. Rxd5 Ke6 28. Rd6+ Ke7 29. Nb6 Nxb6 30. Rxb6
$16) 23. b4 (23. b3 $5 Kf7 24. Nb2 $14 {/\Nc4-a5}) 23... Kf7 (23... b5 24. Nc5
Nxc5 25. Bxc5 Nd7 26. f3 Kf7 27. Kf2 $14) 24. Nb2 $1 (24. Nc5 Nxc5 25. bxc5 b5
26. a4 Ng6 27. Ra1 Rd7 28. axb5 axb5 29. Ra6 $14) 24... b5 (24... Ng6 $2 25.
Nc4 $16 {/\Na5}) 25. Nd3 $14) 22... Kf7 23. Kf2 Nhf8 24. Na4 $1 {Der weiße
Springer visiert das Feld c5 an, und gleichzeitig wird das Manöver b4 (b3),
Nb2-c4-a5 begonnen.} Ng6 25. b4 $6 {Flexibler und besser wäre 25.b3, um das
Feld c4 nicht zu schwächen. Nach dem Textzug gleicht Varga die Stellung mit
präzisem Spiel aus.} (25. b3 $1 b5 26. Nc5 Nxc5 27. Bxc5 $14) 25... b5 $1 {
[%mdl 256]} 26. Nb2 {Nach dem konsequenten 26.Nc5 bekommt Schwarz Gegenspiel.}
(26. Nc5 Nb6 $1 (26... Nxc5 27. Bxc5 $14) 27. Bg3 Nc4 28. Nb7 Rd7 29. Rxc4 bxc4
(29... Rxb7 30. Rc3 Rd7 $14) 30. Nd6+ Rxd6 31. Bxd6 Rd8 32. Bc5 Nf4 33. Bb6 Rd7
34. Rd2 Rb7 35. Ba5 e5 36. dxe5 Nd3+ 37. Ke3 Nxe5 $132) 26... e5 $1 (26... Nb6
27. Bc5 $14) 27. d5 {Ich verließ mich auf diesen Zug, aber Schwarz kann den
entstehenden Freibauern erfolgreich blockieren.} (27. dxe5 Ndxe5 28. Rd4 Ke6
29. Rcd1 Rd7 30. Bc5 Rcd8 $11) 27... cxd5 28. Bc7 Re8 29. exd5 e4 $1 (29... Nf4
30. Rc6 $14) 30. fxe4 Rxe4 31. Nd3 (31. Rc6 Ne7 32. Rc3 Nf5 $11) 31... Rc4 $1 {
Zwingt Weiß zu dem Zug 32.d6 und stellt damit den weißen Läufer passiv.} (31...
Rce8 $2 32. Nc5 Re2+ 33. Kf1 $16) 32. d6 Rxc1 33. Nxc1 (33. Rxc1 Nge5 34. Ke2
Nxd3 35. Kxd3 Re8 $11 {bietet Weiß keine Gewinnchancen.}) 33... Nge5 34. Nb3
Ke6 $1 {Erneut ein genauer Zug! Der schwarze König nähert sich dem
Blockadefeld d7.} (34... Rh8 35. Nc5 Nxc5 36. bxc5 Ke6 37. d7 Nxd7 38. Rd6+ Ke7
39. Rxa6 $16) 35. Kg1 $6 {/\Rc1} (35. Nc5+ Nxc5 36. bxc5 Kd7 $11) (35. Nd4+ Kf7
36. Ra1 Rh8 37. a4 Rh4 $11) 35... Rh8 36. Nd4+ Kf7 37. Nb3 {Weiß hat nichts
Besseres als die Zugwiederholung.} Ke6 (37... Rh4 $2 38. Nc5 Nxc5 39. bxc5 Ke6
40. c6 Nxc6 41. d7 $18) 38. Nd4+ Kf7 39. Nb3 Ke6 40. Nd4+ 1/2-1/2

[Event "Julian Borowski-A 4th"]
[Site "Essen"]
[Date "2002.05.24"]
[Round "8"]
[White "Dautov, Rustem"]
[Black "Fridman, Daniel"]
[Result "1/2-1/2"]
[WhiteElo "2636"]
[BlackElo "2571"]
[Annotator "Dautov,R"]
[PlyCount "107"]
[EventDate "2002.05.16"]
[EventType "tourn"]
[EventRounds "9"]
[EventCountry "GER"]
[EventCategory "16"]
[SourceTitle "CBM 090"]
[Source "ChessBase"]
[SourceDate "2002.09.20"]
[SourceVersion "1"]
[SourceVersionDate "2002.09.20"]
[SourceQuality "1"]

1. d4 d5 2. c4 c6 3. Nf3 Nf6 4. e3 Bf5 5. Nc3 e6 6. Nh4 Be4 7. f3 Bg6 8. Qb3
Qb6 9. Nxg6 hxg6 10. Bd2 Nbd7 11. O-O-O Bd6 12. h3 Qc7 $2 {Dieser Zug macht
keinen Sinn, es handelt sich um eine Verwechselung. Fridman wollte sicherlich
der Partie Lautier-Fressinet folgen.} (12... O-O-O 13. Qc2 Qc7 14. Kb1 Kb8 15.
Rc1 dxc4 16. Bxc4 Nb6 17. Bb3 e5 $132 {Lautier,J-Fressinet,L/Paris 2001}) 13.
cxd5 $14 Nxd5 (13... cxd5 14. Kb1 $14 {/\Rc1,Nb5}) (13... exd5 14. e4 $36) 14.
e4 N5b6 {/\e5} (14... Nxc3 15. Bxc3 O-O-O 16. Kb1 $14) 15. e5 $1 {Weiß greift
nach Raum und verhindert gleichzeitig das gegnerische Gegenspiel mit e6-e5.}
Be7 16. f4 a6 (16... c5 17. d5 c4 18. Qb5 a6 19. Qa5 exd5 20. Nxd5 Nxd5 21.
Qxd5 Nb6 22. Qe4 $36) 17. Kb1 c5 18. Rc1 $1 (18. dxc5 Nxc5 19. Qc2 Nca4 20.
Nxa4 Qxc2+ 21. Kxc2 Nxa4 22. Be3 Rc8+ 23. Kb1 Bc5 $11) 18... Qc6 19. dxc5 Nxc5
20. Qc2 Rc8 21. Be3 {Das mobile Läuferpaar sichert Weiß einen dauerhaften
Vorteil.} O-O 22. h4 $1 Nd5 (22... Nca4 23. Nxa4 Qxc2+ 24. Rxc2 Nxa4 25. Bd3
$14) 23. Nxd5 Qxd5 24. h5 gxh5 25. Rxh5 Qe4 26. Rh3 $1 {Diese kleine Feinheit
hält den schwarzen Springer in Zaum und verhindert damit jegliches Gegenspiel.}
(26. Qxe4 Nxe4 27. Bd3 Rxc1+ 28. Bxc1 g6 29. Rh2 Nf2 30. Be2 Rd8 $132) 26...
Qxc2+ 27. Rxc2 Rfd8 28. Be2 Nd7 29. Rxc8 Rxc8 30. Bf3 Rc7 31. Rh1 $16 {Der
Turmtausch legt die Schwäche b7 bloß.} a5 32. Rc1 Rxc1+ 33. Kxc1 b6 (33... Nc5
34. Be2 $1 (34. Kc2 $2 b5 35. Bc6 (35. Kc3 Na4+) 35... b4 {, und der weiße
König dringt nicht durch.}) 34... Kf8 35. Kc2 (35. Bb5 $16) 35... Ke8 36. Bb5+
Kd8 37. Kc3 $16) 34. Kc2 (34. Bc6 $1) 34... f6 (34... g5 $5) 35. Bc6 Nc5 36.
Kc3 fxe5 37. fxe5 Bd8 38. a3 Bc7 39. Bd4 Kf7 40. Kc4 Kg6 41. b4 axb4 42. axb4
Na6 43. Kb5 Nb8 44. Bxb6 Bxe5 45. Be8+ Kf5 {Nach einem mehr oder weniger
konsequenten Spiel ist es mir gelungen, eine gewonnene Stellung zu erreichen.
Nun hieß es aber, den korrekten Gewinnplan zu demonstrieren. Es ist nicht so
leicht, da das vorhandene Material begrenzt ist. Vor allem darf Weiß nicht auf
die Idee verfallen, sofort den gegenerischen Springer zu gewinnen. Stattdessen
sollte als Erstes das gegnerische Gegenspiel unterbunden werden.} 46. Bc5 {
/\Kb6-b7,Ba7} (46. Bd8 Bd6 (46... Kf4 $2 47. Kb6 Kg3 48. b5 Kxg2 49. Bc7 $18)
47. Kb6 e5 $1 (47... Bxb4 $2 48. Bc7 Bc5+ 49. Kb7 $1 e5 50. Bxb8 e4 51. Kc6 Bf2
52. Kd5 e3 53. Bh5 $18) 48. b5 e4 49. Bc7 Ke6 50. Kb7 Nd7 $11) (46. Ba7 Bc7 $1)
({Am besten war} 46. Kc4 $1 {Hier steht der König am besten. Der Plan ist
einfach- Weiß bringt seinen Bauern entweder nach b6, gefolgt von Überführung
des Läufers nach c7 oder auch nach b7, gefolgt von Bb5, Kc5 und Überführung
des anderen Läufers nach d6. Schwarz kann nicht e6-e5 spielen, denn darauf
folgt stets Kc4-d5, auch der Versuch, den Bauern g2 anzugreifen, bringt nichts.
} Na6 (46... Kf4 47. b5 Kg3 48. Bd4 $18) 47. b5 Nc7 48. Bc6 g5 49. Bf2 g4 50.
b6 Na6 51. Bb5 Nb8 52. Bh4 Kf4 53. Bd8 $18) 46... Bc7 47. Bf8 $2 {Diese Idee
ist vollkommen abwegig. Der Läufer stand optimal auf c5, von wo aus er den
Bauern e6 im Auge behielt.} ({Gewonnen hätte} 47. Kc4 $1 g5 (47... Na6 48. Bf8
g5 49. b5 Nb8 50. Bc5) 48. b5 g4 (48... Kg4 49. b6 Bf4 50. Bf2 Bg3 51. Be3 Bf4
(51... Kf5 52. b7 $18) 52. Bxf4 gxf4 53. Kc5 $18) 49. b6 Bf4 50. Bb5 Ke4 51. b7
Bc7 52. Be7 Kf4 53. Kc5 Be5 54. Bd6 $18) 47... g5 48. Kc5 $2 {Nach diesem
Fehler wird das Remis unvermeidlich. Gefragt war immer noch 48.Kc4.} (48. Kc4
$1 Kf4 $1 {, mit guten Remischancen.} (48... e5 $2 49. b5 e4 50. Bc5 Bf4 (50...
Kf4 51. b6 Be5 52. Kd5 $18) 51. Kd4 Be5+ (51... e3 52. Kd3 $18) 52. Kd5 Bf4 53.
g4+ Kxg4 54. Kxe4 Kg3 55. Be7 $18 {/\Bd8,b6,Bc7})) 48... e5 49. b5 e4 $11 50.
b6 (50. Kc4 Bf4 51. Bc5 Kg4 52. Kd4 e3 53. Kd3 Kg3 54. Bxe3 Bxe3 55. Kxe3 Kxg2
$11) 50... Bf4 51. Bb5 $2 {Ein Einsteller, aber der Gewinn war bereits
vergeben.} (51. Kd5 e3 52. Bb5 Kg4 53. Ke4 Kg3 54. Bc5 Kxg2 55. Bxe3 Bxe3 56.
Kxe3 g4 $11) (51. Bd6 e3 52. Bb5 Kg4 53. Bxf4 gxf4 54. Kd6 Kg3 $11) (51. Kd4 e3
52. Kd3 Kg4 $11) 51... Be3+ 52. Kd5 Bxb6 53. Bd6 Ba7 54. g4+ 1/2-1/2